000 00688nam a22002172 4500
001 0000005907
005 20151217154356.0
008 070809s xx 000 0 eng d
040 _aKABU
_cKABU
050 0 _aHF5549.5
_b.M63R58
100 1 _aRitchie, Sheila.
_@0000157191
245 1 0 _aMotivation management :
_bfor getting results /
_cby Sheila Ritchie and Peter Martin.
260 _aNew Delhi :
_bInfinity,
_c2004.
300 _aviii, 293 p.
650 0 _aEmployee motivation.
_@0000150982
650 0 _aIndustrial management.
_@0000149957
700 1 _aMarti, Peter.
_@0000157192
908 _a070809
950 _@1
999 _c10861
_d10861